<?xml version="1.0" encoding="UTF-8"?><?xml-stylesheet type="text/xsl" href="static/style.xsl"?><OAI-PMH xmlns="http://www.openarchives.org/OAI/2.0/" xmlns:xsi="http://www.w3.org/2001/XMLSchema-instance" xsi:schemaLocation="http://www.openarchives.org/OAI/2.0/ http://www.openarchives.org/OAI/2.0/OAI-PMH.xsd"><responseDate>2026-06-29T02:34:11Z</responseDate><request verb="GetRecord" identifier="oai:docta.ucm.es:20.500.14352/132168" metadataPrefix="marc">https://docta.ucm.es/rest/oai/request</request><GetRecord><record><header><identifier>oai:docta.ucm.es:20.500.14352/132168</identifier><datestamp>2026-02-13T01:16:31Z</datestamp><setSpec>com_20.500.14352_14</setSpec><setSpec>col_20.500.14352_15</setSpec></header><metadata><record xmlns="http://www.loc.gov/MARC21/slim" xmlns:dcterms="http://purl.org/dc/terms/" xmlns:xsi="http://www.w3.org/2001/XMLSchema-instance" xmlns:doc="http://www.lyncode.com/xoai" xsi:schemaLocation="http://www.loc.gov/MARC21/slim http://www.loc.gov/standards/marcxml/schema/MARC21slim.xsd">
   <leader>00925njm 22002777a 4500</leader>
   <datafield ind2=" " ind1=" " tag="042">
      <subfield code="a">dc</subfield>
   </datafield>
   <datafield ind2=" " ind1=" " tag="720">
      <subfield code="a">Mateos Pérez, Javier</subfield>
      <subfield code="e">author</subfield>
   </datafield>
   <datafield ind2=" " ind1=" " tag="260">
      <subfield code="c">2023</subfield>
   </datafield>
   <datafield ind2=" " ind1=" " tag="520">
      <subfield code="a">El presente trabajo considera como objeto de investigación la multipremiada serie Antidisturbios (Movistar, 2020). Esta ficción se entiende como aporte de la industria televisiva española contemporánea a la producción de calidad, a partir de una reformulación específica que actualiza el género policiaco a los nuevos tiempos. Los objetivos de la investigación buscan: inscribir la serie en el contexto histórico de la producción televisiva policiaca española y observar la reinterpretación que realiza del género; examinar la representación de los personajes policías, e identificar y analizar el empleo de los diferentes recursos que dotan a la narración de realismo y de un trasfondo sociopolítico reconocible. Con este fin se aplica una metodología cualitativa que emplea el análisis textual y recurre a los estudios culturales con el objeto de situar y contextualizar culturalmente el objeto de estudio. Los resultados de este análisis permiten descubrir una relación directa entre la ficción y la actualidad española. El género policiaco se reformula para ofrecer la imagen de un país en declive, consecuencia de la pérdida de valores. En el centro del relato se sitúa la corrupción, arraigada en todos los niveles: individual, colectivo e institucional.</subfield>
   </datafield>
   <datafield ind1="8" ind2=" " tag="024">
      <subfield code="a">Javier Mateos-Pérez (2023): Antidisturbios (Movistar+, 2020): la innovación en la ficción televisiva española del género policial, Journal of Spanish Cultural Studies, DOI: 10.1080/14636204.2023.2244679</subfield>
   </datafield>
   <datafield ind1="8" ind2=" " tag="024">
      <subfield code="a">10.1080/14636204.2023.2244679</subfield>
   </datafield>
   <datafield ind1="8" ind2=" " tag="024">
      <subfield code="a">https://hdl.handle.net/20.500.14352/132168</subfield>
   </datafield>
   <datafield ind1="8" ind2=" " tag="024">
      <subfield code="a">1463-6204</subfield>
   </datafield>
   <datafield ind1="8" ind2=" " tag="024">
      <subfield code="a">https://doi.org/10.1080/14636204.2023.2244679</subfield>
   </datafield>
   <datafield ind1="8" ind2=" " tag="024">
      <subfield code="a">https://www.tandfonline.com/doi/full/10.1080/14636204.2023.2244679</subfield>
   </datafield>
   <datafield ind2="0" ind1="0" tag="245">
      <subfield code="a">Antidisturbios (Movistar 2020): la innovación en la ficción televisiva española del género policial</subfield>
   </datafield>
</record></metadata></record></GetRecord></OAI-PMH>